LEADER 01223nam a2200301 a 4500 001 000000133526 003 CaOOAMICUS 005 20130411140254.0 008 130411s1992 it u000 u ita r 020 $a88-07-10158-0 040 $aPUL$bita 041 1 $aita$heng 100 1 $aLasch, Christopher.$0(OLS)http://pul/name/86013 240 10$aTrue and only heaven.$lItaliano.$0(OLS)http://pul/title/168767 245 13$aIl paradiso in terra :$bil progresso e la sua critica /$cChristopher Lasch. 260 $aMilano :$bFeltrinelli,$c1992. 300 $a565 p. ;$c22 cm. 490 1 $aCampi del sapere/ Feltrinelli 650 4$aProgresso$xEffetti sociali.$0(OLS)http://pul/subject/26518 830 0$aCampi del sapere (Feltrinelli).$0(OLS)http://pul/title/20268 850 $aPUL 852 $aPUL$W1$xDP1 Fondo E. Rossi$y115$m1 L 12$j43143$qFondi$B153028$CPULBib$Z2$F153028 $82 941 1 $a1 961 $aSul dorso collocazione ms. di E. Rossi: L 9 1 996 $6020$a88-07-10158-0$9(OLS)http://pul/number/152400 996 $6245$aIl paradiso in terra :$bil progresso e la sua critica$9(OLS)http://pul/title/168768 996 $6260$aMilano :$bFeltrinelli$9(OLS)http://pul/publisher/48846 LEADER 01351nam a2200289 a 4500 001 000000144454 003 CaOOAMICUS 005 20150630130748.0 008 150630s1999 sp u000 u spa r 020 $a84-7141-415-5 040 $aPUL$bita 245 00$aEvangelizacion, catequesis, catequistas :$buna nueva etapa para la iglesia del tercer milenio /$cAntonio Caņizares, Manuel Del Campo (eds); colaboradores: A. Amato ... [et al.]. 260 $aMadrid :$bEdice,$c1999. 300 $a595 p. ;$c24 cm 504 $aBibliografia in nota. 650 4$aCatechismo$xStudio e insegnamento.$0(OLS)http://pul/subject/1222 650 4$aEvangelizzazione.$0(OLS)http://pul/subject/1355 700 1 $aCaņizares Llovera, Antonio.$0(OLS)http://pul/name/81449 700 1 $aDel Campo, Manuel.$0(OLS)http://pul/name/92660 700 1 $aAmato, Angelo,$ccard., $d1938-$0(OLS)http://pul/name/1448 850 $aPUL 852 $aPUL$W1$xDP1 Fondo S. Lanza$y121$m3 G 42$j166737$qFondi$B167327$CPULBib$Z2$F167327 $HLan2225 $82 941 1 $a1 996 $6020$a84-7141-415-5$9(OLS)http://pul/number/158124 996 $6245$aEvangelizacion, catequesis, catequistas :$buna nueva etapa para la iglesia del tercer milenio$9(OLS)http://pul/title/182756 996 $6260$aMadrid :$bEdice$9(OLS)http://pul/publisher/75455